000 01090cam a22003255a 4500
001 16902449
005 20151008124216.0
008 110803r20142012nyua frbf 001 0 eng d
020 _a9780199603640
040 _aDLC
_beng
_cDLC
_dDLC
_dEG-ScBUE
082 0 4 _a615.1
_bOXF
_222
245 0 0 _aOxford handbook of clinical pharmacy /
_cedited by Philip Wiffen ... [et al.]
246 3 0 _aHandbook of clinical pharmacy
246 3 0 _aClinical pharmacy
250 _a2nd ed., Reprint ed.
260 _aOxford ;
_aNew York :
_bOxford University Press,
_c2014.
300 _axix, 674 p. :
_bill. ;
_c19 cm.
490 0 _aOxford medical publications
490 0 _aOxford handbooks
500 _aIndex : p. 649-674.
500 _aReprinted of the 2012 ed.
504 _aIncludes bibliographical references.
650 0 _aClinical pharmacology
_vHandbooks, manuals, etc.
_2BUEsh
650 0 _aPharmacy
_vHandbooks, manuals, etc.
_2BUEsh
651 _2BUEsh
653 _bPPhrm
_cOctober2015
655 _vReading book
_934232
700 1 _aWiffen, Phil,
_eeditor.
942 _2ddc
_k615.1 OXF
999 _c20889
_d20861